Представление документа в формате MARC21

ПолеНазваниеЗначение
  Тип записи a
  Библиографический уровень m
001 Контрольный номер RU/URAIT/555882
003 Принадлежность контрольного номера https://urait.ru/bcode/555882
005 Дата корректировки 20240827112642.1
008 Кодируемые данные
020 Индекс ISBN __
a ISBN 978-5-534-19069-4
c Цена, тираж 1079.00
040 Источник каталогиз. __
a Служба первич. каталог. ИКО Юрайт
b Код языка каталог. rus
c Служба, преобразующая запись ИКО Юрайт
041 Код языка издания 0_
a Код языка текста rus
044 Код страны публикации __
a Код страны публикации RU
073 _1
a 9785534190694
d 1079.00
080 Индекс УДК __
a Индекс УДК 338.48:615.8(075.8)
084 Индекс другой классификации/Индекс ББК __
a Индекс другой классификации/Индекс ББК 75.81я73
2 Источник индекса rubbk
091 Индексы/ коды __
a Индекс ББК (DOS) 75.81я73
z rubbk
100 Автор 1_
a Автор Чистобаев А. И.
q Полное имя Анатолий Иванович
230 __
a Электрон. дан.
245 Заглавие 00
a Заглавие Медицинский и оздоровительный туризм
b Продолж. заглавия учебник
c Ответственность А. И. Чистобаев, З. А. Семенова, Н. А. Грудцын.
260 Выходные данные 1_
a Место издания Москва
b Издательство Юрайт
c Дата издания 2024
300 Физическое описание __
a Объем 237 с
440 Серия _0
a Серия Высшее образование
500 Примечания __
a Примечание URL: https://urait.ru/bcode/555882 (дата обращения: 27.08.2024).
520 Аннотация __
a Аннотация В курсе раскрывается содержательный феномен медицинского и оздоровительного туризма на фоне динамики здоровьесбережения и трансформации данного сегмента рынка в условиях нестабильности внешней среды. Выявлены возможности использования географических подходов и методов к исследованию возникновения вызовов и рисков на современном рынке медицинских и оздоровительных услуг. Охарактеризована специфика отдельных видов медико-терапевтического туризма: психологического и психотерапевтического, йога, для лиц с ограниченными возможностями по здоровью и заболеванием деменцией. Прослежены изменения географического вектора развития медицинского и оздоровительного туризма на глобальном, страновом и региональном уровнях. Охарактеризованы на примере Санкт-Петербурга инновационные процессы в предоставлении медицинских и оздоровительных услуг. Определены функции маркетинга и менеджмента в управлении развитием и пространственной организации медицинского и оздоровительного туризма, сопутствующих ему элементов инфраструктуры. Приведены примеры управления созданием и функционированием объектов медицинского и оздоровительного туризма. Курс адресован специалистам сфер здоровьесбережения и туризма, а также студентам, обучающимся по программам бакалавриата и магистратуры, аспирантам и докторантам, темы исследования которых так или иначе связаны с развитием медицинского и оздоровительного туризма.
538 Прим. о системных особенностях __
a Прим. о системных особенностях Режим доступа: Электронно-библиотечная система Юрайт, для авториз. пользователей
653 Ключевые слова 2_
a Ключевые слова Туризм и гостеприимство
653 Ключевые слова 2_
a Ключевые слова Менеджмент
653 Ключевые слова 2_
a Ключевые слова Оздоровительный туризм
653 Ключевые слова 2_
a Ключевые слова Лечебно-оздоровительный туризм
653 Ключевые слова 2_
a Ключевые слова Технология организации лечебно-оздоровительного туризма
653 Ключевые слова 2_
a Ключевые слова Основные направления развития медицинского туризма
700 Другие авторы 1_
a Другие авторы Семенова З. А.
q Полное имя Зоя Анатольевна
700 Другие авторы 1_
a Другие авторы Грудцын Н. А.
q Полное имя Николай Алексеевич
856 Электронный адрес документа 40
n Местонахождение сервера Юрайт
g Электронная книга
q Тип электронного формата html
h Имя пользователя ЮРАЙТ
v Часы доступа к ресурсу 20251231
2 Способ доступа Показать документ
x Служебное примечание https://urait.ru/book/cover/74EAAE67-BEFE-41B9-89E5-65661C64249F
u URL https://urait.ru/bcode/555882
856 Электронный адрес документа 41
q Тип электронного формата cover
u URL https://urait.ru/book/cover/74EAAE67-BEFE-41B9-89E5-65661C64249F